000
00333nam a22001457a 4500
008
210305b ||||| |||| 00| 0 eng d
020
_a
9780262531177
041
_a
eng
080
_a
038
082
_2
038
100
_a
23
101
_a
FJA
245
_a
Dictionary of Environment and Development
_c
Andy Crump
942
_2
udc
_c
BK
999
_c
55848
_d
55848